[Event "LVI C.to Torinese Assoluto"]
[Site "Torino ITA"]
[Date "2011.12.03"]
[Round "6"]
[White "Di Chiara, Mauro"]
[Black "Davi, Alessandro"]
[Result "1/2-1/2"]
[WhiteElo "1980"]
[BlackElo "2065"]
[PlyCount "81"]
[EventDate "2011.11.07"]

1. d4 d5 2. Nf3 Nf6 3. c4 dxc4 4. e3 g6 5. Bxc4 Bg7 6. Nc3 O-O 7. O-O Ne8 8.
Qe2 Nd6 9. Bb3 b6 10. Rd1 Ba6 11. Qe1 Qc8 12. e4 e6 13. e5 Nf5 14. d5 exd5 15.
Nxd5 Re8 16. Bf4 c5 17. Nc7 c4 18. Nxe8 Qxe8 19. Bc2 Bb7 20. Bxf5 gxf5 21. Nd4
Be4 22. f3 Bd3 23. Qe3 Qd7 24. Rd2 Na6 25. Rad1 Nb4 26. Qf2 Nd5 27. g3 Bf8 28.
Rxd3 cxd3 29. Nb3 Nxf4 30. gxf4 Rd8 31. Kh1 Kh8 32. Rg1 Qd5 33. Qg2 Bh6 34. Nd2
Qc6 35. Qg3 Rc8 36. Qh4 b5 37. Qh5 Qe6 38. Qh4 a6 39. Nb3 Qb6 40. Qh5 Bxf4 41.
Qxf5 1/2-1/2

[Event "LVI C.to Torinese Assoluto"]
[Site "Torino ITA"]
[Date "2011.12.03"]
[Round "6"]
[White "Fassio, Luca"]
[Black "Faraoni, Enrico"]
[Result "1-0"]
[WhiteElo "2101"]
[BlackElo "2109"]
[PlyCount "69"]
[EventDate "2011.11.07"]

1. e4 Na6 2. d4 Nh6 3. Nf3 g6 4. c3 Bg7 5. Bd3 f6 6. O-O Nf7 7. b4 c6 8. a4 Nc7
9. Re1 d5 10. Nbd2 O-O 11. Ba3 a6 12. h3 g5 13. Qc2 h5 14. exd5 Nxd5 15. b5
axb5 16. axb5 cxb5 17. Bxe7 Rxa1 18. Bxd8 Rxe1+ 19. Nxe1 Rxd8 20. Bxb5 Nd6 21.
Bf1 Nf4 22. Nd3 Nxd3 23. Bxd3 Re8 24. Nf3 Be6 25. Bg6 Rd8 26. Qe2 Bf7 27. Bxf7+
Kxf7 28. c4 Re8 29. Qd3 g4 30. Nh4 Re1+ 31. Kh2 Ne4 32. Qc2 Bh6 33. hxg4 hxg4
34. g3 Bg5 35. Ng2 1-0

[Event "LVI C.to Torinese Assoluto"]
[Site "Torino ITA"]
[Date "2011.12.03"]
[Round "6"]
[White "Finocchiaro, Gianluca"]
[Black "Melone, Antonio"]
[Result "1-0"]
[WhiteElo "2077"]
[BlackElo "2084"]
[PlyCount "61"]
[EventDate "2011.11.07"]

1. d4 c5 2. e4 cxd4 3. c3 dxc3 4. Nxc3 g6 5. Bc4 Bg7 6. Qf3 Bxc3+ 7. Qxc3 Nf6
8. Bh6 Nc6 9. e5 Ne4 10. Bxf7+ Kxf7 11. Qf3+ Nf6 12. exf6 exf6 13. Qd5+ Ke7 14.
O-O-O Qc7 15. Kb1 d6 16. Nf3 Be6 17. Rhe1 Ne5 18. Qd2 Nxf3 19. gxf3 Kf7 20.
Rxe6 Kxe6 21. Qd5+ Ke7 22. Re1+ Kd8 23. Qe6 Qd7 24. Qxf6+ Kc7 25. Re7 Rae8 26.
Qc3+ Kd8 27. Rxd7+ Kxd7 28. Qb4 Rc8 29. Qxb7+ Rc7 30. Qb5+ Kc8 31. Be3 {
seguito non leggibile} 1-0

[Event "LVI C.to Torinese Assoluto"]
[Site "Torino ITA"]
[Date "2011.12.03"]
[Round "6"]
[White "Gallucci, Alessio"]
[Black "Sarno, Spartaco"]
[Result "1-0"]
[WhiteElo "2227"]
[BlackElo "2330"]
[PlyCount "67"]
[EventDate "2011.11.07"]

1. e4 d6 2. d4 Nf6 3. Nc3 g6 4. f4 Bg7 5. Nf3 O-O 6. Be3 b6 7. Qd2 Bb7 8. e5
Ng4 9. O-O-O c5 10. dxc5 bxc5 11. Bxc5 Qa5 12. Ba3 dxe5 13. h3 e4 14. Nxe4
Qxd2+ 15. Nfxd2 Nf6 16. Bd3 Nd5 17. g3 Nd7 18. Rhe1 Rab8 19. c4 Ba6 20. b3 Nb4
21. Bb1 Bc8 22. Bb2 e5 23. Nf3 exf4 24. Bxg7 Kxg7 25. gxf4 a5 26. Nd6 Nc5 27.
Re5 Nba6 28. Rdd5 f6 29. Re7+ Kg8 30. f5 Bxf5 31. Bxf5 gxf5 32. Rd1 Ne4 33.
Rg1+ Ng5 34. Nxg5 1-0

[Event "LVI C.to Torinese Assoluto"]
[Site "Torino ITA"]
[Date "2011.12.03"]
[Round "6"]
[White "Macheda, Andrea"]
[Black "Quirico, Paolo"]
[Result "1/2-1/2"]
[WhiteElo "1903"]
[BlackElo "2172"]
[PlyCount "44"]
[EventDate "2011.11.07"]

1. d4 Nf6 2. Nf3 d5 3. c4 e6 4. Nc3 c6 5. cxd5 exd5 6. Bg5 Be7 7. Qc2 O-O 8. e3
Nbd7 9. Bd3 Re8 10. O-O Nf8 11. Bxf6 Bxf6 12. b4 Bg4 13. Nd2 a6 14. a4 Qd6 15.
Nb3 Bh5 16. b5 axb5 17. axb5 Bg6 18. bxc6 Bxd3 19. Qxd3 bxc6 20. Nc5 Ne6 21.
N3a4 Nxc5 22. Nxc5 Reb8 1/2-1/2

[Event "LVI C.to Torinese Assoluto"]
[Site "Torino ITA"]
[Date "2011.12.03"]
[Round "6"]
[White "Mantovan, Giuseppe"]
[Black "Pepino, Enrico"]
[Result "0-1"]
[WhiteElo "1852"]
[BlackElo "2141"]
[PlyCount "112"]
[EventDate "2011.11.07"]

1. d4 Nf6 2. c4 e6 3. Nc3 d5 4. e3 Nbd7 5. Qc2 c6 6. Nf3 Bd6 7. g4 dxc4 8. Bxc4
Nd5 9. Bd2 Qe7 10. Ne4 Bb4 11. a3 Bxd2+ 12. Qxd2 b6 13. Ng3 Bb7 14. Bxd5 cxd5
15. Rc1 Qd8 16. O-O O-O 17. Rc3 Qf6 18. Qe2 Rfc8 19. Rfc1 Qd8 20. g5 Rxc3 21.
Rxc3 Rc8 22. Qc2 Rxc3 23. Qxc3 Qc8 24. Qxc8+ Bxc8 25. Ne5 Nb8 26. h4 f6 27. Nd3
Kf7 28. f4 Ba6 29. Nc1 Bb5 30. Kf2 a5 31. Ke1 Nd7 32. e4 fxg5 33. hxg5 dxe4 34.
Nxe4 Ke7 35. Na2 h5 36. gxh6 gxh6 37. Kf2 Nf6 38. Nac3 Bc6 39. Nxf6 Kxf6 40.
Kg3 Kf5 41. b4 axb4 42. axb4 b5 43. Ne2 Ke4 44. Kf2 Kd3 45. Ke1 Bf3 46. Ng3 Bg4
47. d5 exd5 48. f5 Kc4 49. f6 Be6 50. Nf5 h5 51. Kd2 Kxb4 52. Nd4 Bg8 53. Nc6+
Ka3 54. Nd4 b4 55. Nb5+ Ka2 56. Kc1 h4 0-1

[Event "LVI C.to Torinese Assoluto"]
[Site "Torino ITA"]
[Date "2011.12.03"]
[Round "6"]
[White "Mazzetta, Renato"]
[Black "Cordara, Michele"]
[Result "0-1"]
[WhiteElo "1939"]
[BlackElo "2075"]
[PlyCount "60"]
[EventDate "2011.11.07"]

1. e4 c5 2. Nf3 d6 3. d4 cxd4 4. Nxd4 Nf6 5. Nc3 a6 6. a4 Nc6 7. Be2 e5 8. Nb3
Be7 9. O-O O-O 10. f4 Be6 11. f5 Bxb3 12. cxb3 Qb6+ 13. Kh1 Na5 14. Qd3 Nxb3
15. Be3 Nc5 16. Qb1 Qb4 17. Bf3 b5 18. g4 Nxa4 19. Rxa4 bxa4 20. g5 Ne8 21. Nd5
Qb7 22. f6 Bd8 23. Qe1 Qxb2 24. Qh4 g6 25. Qh6 a3 26. Bh5 a2 27. Ne7+ Bxe7 28.
fxe7 Ng7 29. Bxg6 fxg6 30. exf8=Q+ Rxf8 0-1

[Event "LVI C.to Torinese Assoluto"]
[Site "Torino ITA"]
[Date "2011.12.03"]
[Round "6"]
[White "Musso, Maurizio"]
[Black "Pesce, Eugenio"]
[Result "1-0"]
[WhiteElo "2023"]
[BlackElo "1566"]
[PlyCount "55"]
[EventDate "2011.11.07"]

1. e4 e5 2. d4 exd4 3. Nf3 d6 4. Nxd4 Nf6 5. Nc3 Bd7 6. Be3 Nc6 7. h3 g6 8. Qd2
Bg7 9. Be2 O-O 10. O-O-O Qe8 11. f3 Nxd4 12. Bxd4 a6 13. g4 c5 14. Bxf6 Bxf6
15. Qxd6 Be6 16. Nd5 Bxd5 17. Rxd5 Be7 18. Qd7 b5 19. Rhd1 Rd8 20. Qb7 Rxd5 21.
Rxd5 Qc8 22. Qxe7 c4 23. Qd7 Qb8 24. Qd6 Qa7 25. Qc5 Qb8 26. e5 Rc8 27. Qd6 Qa8
28. e6 1-0

[Event "LVI C.to Torinese Assoluto"]
[Site "Torino ITA"]
[Date "2011.12.04"]
[Round "7"]
[White "Cordara, Michele"]
[Black "Cortese, Alessandro"]
[Result "0-1"]
[WhiteElo "2075"]
[BlackElo "2003"]
[PlyCount "68"]
[EventDate "2011.11.07"]

1. c4 Nf6 2. g3 e6 3. Nf3 d5 4. b3 Be7 5. Bg2 O-O 6. O-O c5 7. Bb2 d4 8. b4 Qb6
9. Qc2 Qxb4 10. Nxd4 cxd4 11. Ba3 Qxa3 12. Nxa3 Bxa3 13. Rab1 Nbd7 14. Bxb7
Bxb7 15. Rxb7 Bd6 16. Rfb1 Nc5 17. R7b5 Rfe8 18. d3 e5 19. f3 Nfd7 20. Kg2 Nb6
21. Ra5 Nbd7 22. Rbb5 a6 23. Rb1 Bc7 24. Ra3 Rab8 25. Re1 Rb7 26. Qd2 Reb8 27.
Qg5 Bd8 28. Qg4 a5 29. f4 exf4 30. gxf4 a4 31. f5 Ba5 32. Rg1 Bb4 33. Kh3 g6
34. fxg6 hxg6 0-1

[Event "LVI C.to Torinese Assoluto"]
[Site "Torino ITA"]
[Date "2011.12.04"]
[Round "7"]
[White "Faraoni, Enrico"]
[Black "Macheda, Andrea"]
[Result "1-0"]
[WhiteElo "2109"]
[BlackElo "1903"]
[PlyCount "31"]
[EventDate "2011.11.07"]

1. e4 c5 2. Nc3 g6 3. f4 Bg7 4. Bc4 Nc6 5. Nf3 e6 6. O-O Nge7 7. e5 d6 8. exd6
Qxd6 9. Ne4 Qxf4 10. Nfg5 Bd4+ 11. Kh1 Qh4 12. g3 Qh5 13. Be2 Qh6 14. Nd6+ Kd7
15. Ndxf7 Qg7 16. Nxh8 1-0

[Event "LVI C.to Torinese Assoluto"]
[Site "Torino ITA"]
[Date "2011.12.04"]
[Round "7"]
[White "Gallucci, Alessio"]
[Black "Castaldo, Folco"]
[Result "0-1"]
[WhiteElo "2227"]
[BlackElo "2420"]
[PlyCount "156"]
[EventDate "2011.11.07"]

1. d4 f5 2. g3 Nf6 3. Bg2 e6 4. c4 Bb4+ 5. Nd2 a5 6. Ngf3 b6 7. Ne5 Ra7 8. O-O
Bb7 9. Ndf3 Be7 10. b3 O-O 11. a3 Ne4 12. Bb2 Bf6 13. e3 d6 14. Nd3 Nd7 15. b4
Qe7 16. Qb3 g5 17. Rad1 axb4 18. axb4 b5 19. c5 Bd5 20. Qc2 g4 21. Nd2 Nxd2 22.
Rxd2 Bxg2 23. Kxg2 d5 24. Rdd1 Rfa8 25. Ra1 Qe8 26. Rxa7 Rxa7 27. Nf4 c6 28.
Bc3 Bg5 29. Nd3 Nf6 30. Qb2 Ne4 31. Ra1 Qa8 32. Rxa7 Qxa7 33. Qa1 Qb7 34. Be1
Bd8 35. Nf4 Kf7 36. h4 Bc7 37. Nd3 Ke8 38. Qa2 Kd8 39. Kf1 Kc8 40. Kg2 Kb8 41.
Qa1 Qc8 42. Qa2 Kb7 43. Nc1 e5 44. Nb3 f4 45. Na5+ Bxa5 46. Qxa5 f3+ 47. Kf1
Qc7 48. Qa1 exd4 49. Qxd4 Qf7 50. Qh8 h5 51. Qd8 Qe6 52. Qb6+ Kc8 53. Qa6+ Kd8
54. Qb6+ Ke7 55. Qc7+ Kf6 56. Qd8+ Kg6 57. Kg1 Qf6 58. Qg8+ Kh6 59. Kh2 Qg6 60.
Qh8+ Qh7 61. Qf8+ Qg7 62. Qf4+ Kg6 63. Qb8 Qf7 64. Qc8 Qf6 65. Qg8+ Kh6 66. Qb8
Kh7 67. Qb7+ Kg6 68. Qc8 Kh6 69. Qg8 Nxg3 70. Qg5+ Qxg5 71. hxg5+ Kxg5 72. fxg3
Kf5 73. Kg1 Ke4 74. Bf2 Kd3 75. Kf1 Kd2 76. Be1+ Kxe3 77. Bc3 d4 78. Bb2 d3 0-1

[Event "LVI C.to Torinese Assoluto"]
[Site "Torino ITA"]
[Date "2011.12.04"]
[Round "7"]
[White "Giacometto, Mario"]
[Black "Mazzetta, Renato"]
[Result "1/2-1/2"]
[WhiteElo "1997"]
[BlackElo "1939"]
[PlyCount "29"]
[EventDate "2011.11.07"]

1. e3 d5 2. d4 Nf6 3. c4 e6 4. Nc3 c6 5. Nf3 Nbd7 6. b3 Bd6 7. Bb2 O-O 8. Be2
Re8 9. O-O dxc4 10. Bxc4 b5 11. Bd3 a6 12. Rc1 Bb7 13. Ne4 Nxe4 14. Bxe4 Rc8
15. Bb1 1/2-1/2

[Event "LVI C.to Torinese Assoluto"]
[Site "Torino ITA"]
[Date "2011.12.04"]
[Round "7"]
[White "Pepino, Enrico"]
[Black "Di Chiara, Mauro"]
[Result "1-0"]
[WhiteElo "2141"]
[BlackElo "1980"]
[PlyCount "129"]
[EventDate "2011.11.07"]

1. Nf3 g6 2. d4 Bg7 3. c4 d6 4. g3 Nf6 5. Nc3 O-O 6. Bg2 Nc6 7. O-O Bf5 8. d5
Na5 9. Nd4 Bd7 10. b3 c5 11. dxc6 Nxc6 12. Nc2 Qc8 13. Bb2 Bh3 14. Ne3 Bxg2 15.
Kxg2 Ne4 16. Qc1 Nxc3 17. Bxc3 Qe6 18. Bxg7 Kxg7 19. Qb2+ f6 20. Nd5 Rad8 21.
Rad1 Qe5 22. Qxe5 fxe5 23. e3 Rd7 24. Rd2 Nd8 25. Rfd1 Ne6 26. Nc3 Rc8 27. f4
exf4 28. exf4 b6 29. Re1 Nc5 30. Rde2 e5 31. fxe5 Nd3 32. Rd1 dxe5 33. Nd5 e4
34. Rxe4 Nb4 35. Nxb6 Rxd1 36. Nxc8 Rd2+ 37. Kf3 Rxa2 38. Re7+ Kg8 39. Rxa7 Rb2
40. Ne7+ Kf8 41. Nd5 Nxd5 42. cxd5 Rxb3+ 43. Ke4 h5 44. Ke5 Rb2 45. Ke6 Re2+
46. Kf6 Rf2+ 47. Kxg6 Rxh2 48. Kf6 Rf2+ 49. Ke6 Re2+ 50. Kf6 Rf2+ 51. Ke6 Re2+
52. Kd6 Re3 53. Rh7 Rxg3 54. Rh8+ Kf7 55. Rxh5 Rd3 56. Kd7 Rd1 57. d6 Re1 58.
Rf5+ Kg6 59. Rf2 Re3 60. Kd8 Rd3 61. d7 Kg7 62. Rf4 Rd2 63. Ke7 Re2+ 64. Kd6
Rd2+ 65. Ke6 1-0

[Event "LVI C.to Torinese Assoluto"]
[Site "Torino ITA"]
[Date "2011.12.04"]
[Round "7"]
[White "Pesce, Eugenio"]
[Black "Mantovan, Giuseppe"]
[Result "0-1"]
[WhiteElo "1566"]
[BlackElo "1852"]
[PlyCount "172"]
[EventDate "2011.11.07"]

1. e4 e6 2. d4 d5 3. e5 c5 4. c3 Nc6 5. Nf3 Qb6 6. Qc2 Bd7 7. Bg5 cxd4 8. cxd4
Nxd4 9. Nxd4 Qxd4 10. Qe2 Bb4+ 11. Bd2 Rc8 12. Nc3 Ne7 13. Rc1 Ng6 14. a3 Be7
15. Be3 Qxe5 16. Bxa7 O-O 17. Qxe5 Nxe5 18. f4 Ng6 19. g3 Bf6 20. Be2 d4 21.
Na2 e5 22. fxe5 Bxe5 23. O-O Bh3 24. Rfe1 Bf6 25. Bd3 Ne5 26. Be4 Nc6 27. Bb6
d3 28. Bxd3 Bxb2 29. Bc5 Rfd8 30. Rc2 Bf6 31. Bf1 Bf5 32. Rce2 h6 33. Nb4 Nd4
34. Bxd4 Bxd4+ 35. Kh1 Bg4 36. Ra2 Bc3 37. Rc1 Bf6 38. Re1 Be6 39. Rae2 Bc4 40.
Rf2 Bxf1 41. Rexf1 Rd7 42. Rb1 Rcd8 43. Rff1 Rd2 44. Rf3 R8d7 45. Rbb3 Re2 46.
Rfd3 Rxd3 47. Nxd3 b6 48. Nf4 Ra2 49. Nd5 Bd4 50. Rb1 Rxa3 51. Nxb6 Bxb6 52.
Rxb6 g6 53. Kg2 Kg7 54. h3 h5 55. h4 Ra4 56. Rb7 Ra2+ 57. Kf3 Ra5 58. Rb6 Rf5+
59. Ke3 Kh6 60. Ke4 Rf1 61. Ke3 Kg7 62. Ke2 Rf6 63. Rb5 Kf8 64. Ke3 Ke7 65. Ke4
Rf1 66. Ke3 Ke6 67. Ke2 Rf5 68. Rb3 Kd5 69. Rd3+ Kc4 70. Re3 f6 71. Re4+ Kd5
72. Ra4 Re5+ 73. Kd3 Re1 74. Ra5+ Ke6 75. Ra6+ Kf5 76. Ra4 g5 77. Kd2 Re4 78.
Ra3 gxh4 79. gxh4 Rxh4 80. Ra5+ Kg6 81. Ke2 Rf4 82. Ke3 Rf5 83. Ra1 h4 84. Rh1
Kh5 85. Rg1 h3 86. Ke4 Rg5 0-1

[Event "LVI C.to Torinese Assoluto"]
[Site "Torino ITA"]
[Date "2011.12.04"]
[Round "7"]
[White "Quirico, Paolo"]
[Black "Barbiso, Tiziana"]
[Result "1/2-1/2"]
[WhiteElo "2172"]
[BlackElo "2047"]
[PlyCount "33"]
[EventDate "2011.11.07"]

1. d4 d5 2. Bf4 Nf6 3. e3 e6 4. Nf3 c5 5. Nbd2 Nc6 6. c3 Bd6 7. Bg3 O-O 8. Bd3
Qe7 9. Ne5 Nd7 10. f4 f5 11. Nxc6 bxc6 12. Nf3 Nf6 13. O-O Ne4 14. Bxe4 fxe4
15. Ne5 Ba6 16. Rf2 Bxe5 17. dxe5 1/2-1/2

[Event "LVI C.to Torinese Assoluto"]
[Site "Torino ITA"]
[Date "2011.12.04"]
[Round "7"]
[White "Ravazzolo, Gaia"]
[Black "De Barberis, Massimo"]
[Result "0-1"]
[WhiteElo "1738"]
[BlackElo "2092"]
[PlyCount "88"]
[EventDate "2011.11.07"]

1. d4 Nf6 2. c4 e6 3. Nf3 c5 4. e3 d5 5. cxd5 exd5 6. Nc3 Nc6 7. Be2 Be6 8. O-O
Be7 9. Na4 c4 10. Nc3 a6 11. Ne5 O-O 12. f4 g6 13. Bd2 Nxe5 14. fxe5 Ne4 15.
Nxe4 dxe4 16. Qc2 Bd5 17. Rac1 Rc8 18. Bc3 Rc6 19. Qd2 f6 20. exf6 Rfxf6 21.
Bb4 Rxf1+ 22. Bxf1 Bg5 23. g3 b5 24. Re1 Rf6 25. Bg2 Qe8 26. Rf1 Rf3 27. Re1 h5
28. Bxf3 exf3 29. Qf2 Qe6 30. a3 h4 31. Bd2 Qe4 32. Bc1 Kf7 33. Bd2 Ke6 34. Bb4
Qg4 35. Ba5 Kd7 36. Bd2 Qe4 37. Bc3 Bd8 38. Bd2 Bc7 39. Rf1 Qg4 40. Be1 g5 41.
Qc2 hxg3 42. hxg3 Bxg3 43. Qh7+ Kc6 44. Qg6+ Bd6+ 0-1

[Event "LVI C.to Torinese Assoluto"]
[Site "Torino ITA"]
[Date "2011.12.04"]
[Round "7"]
[White "Sarno, Spartaco"]
[Black "Sorcinelli, Francesco"]
[Result "1/2-1/2"]
[WhiteElo "2330"]
[BlackElo "2118"]
[PlyCount "98"]
[EventDate "2011.11.07"]

1. c4 f5 2. Nc3 Nf6 3. g3 g6 4. Bg2 Bg7 5. e3 O-O 6. Nge2 e5 7. O-O c6 8. d3 a5
9. b3 Na6 10. Ba3 d6 11. Qd2 Be6 12. Rad1 Bf7 13. e4 f4 14. d4 Nh5 15. dxe5
dxe5 16. Bxf8 Qxf8 17. Qd6 Qxd6 18. Rxd6 Bf8 19. Rd2 Nc5 20. Rfd1 fxg3 21. hxg3
Be7 22. Nc1 Ng7 23. Bh3 Nge6 24. Bxe6 Bxe6 25. f3 Rf8 26. Kg2 h5 27. Nd3 Nxd3
28. Rxd3 g5 29. Ne2 h4 30. g4 Kf7 31. Nc3 Rc8 32. a4 Rc7 33. Rc1 Bc5 34. Nd1 b6
35. Ne3 Bd4 36. Nc2 c5 37. Rcd1 Kg6 38. Ne3 Rd7 39. Kh3 Rf7 40. Nf5 Rd7 41. Kg2
Kf6 42. Rh1 Bxf5 43. gxf5 Rg7 44. Kh3 Rh7 45. Rh2 Ra7 46. Rdd2 Rg7 47. Kg2 Re7
48. Kf1 Rg7 49. Rh1 Rh7 1/2-1/2

[Event "LVI C.to Torinese Assoluto"]
[Site "Torino ITA"]
[Date "2011.12.15"]
[Round "8.1"]
[White "Sarno, Spartaco"]
[Black "Sorcinelli, Francesco"]
[Result "1-0"]
[WhiteElo "2330"]
[BlackElo "2118"]
[PlyCount "43"]
[EventDate "2011.12.15"]

1. b3 e5 2. Bb2 Nc6 3. c4 Nf6 4. Nc3 d5 5. cxd5 Nxd5 6. g3 Be6 7. Bg2 Be7 8.
Nf3 Nb6 9. O-O Qd7 10. Rc1 Bh3 11. Bxh3 Qxh3 12. Nb5 e4 13. Ne5 Nd5 14. Nxc6
bxc6 15. Qc2 O-O 16. Qxc6 Rad8 17. Nxc7 Nxc7 18. Qxc7 Rd5 19. Qf4 Rh5 20. g4
Bd6 21. Qxd6 Qxg4+ 22. Qg3 1-0

[Event "LVI C.to Torinese Assoluto"]
[Site "Torino ITA"]
[Date "2011.12.19"]
[Round "8.2"]
[White "Sorcinelli, Francesco"]
[Black "Sarno, Spartaco"]
[Result "0-1"]
[WhiteElo "2118"]
[BlackElo "2330"]
[PlyCount "45"]
[EventDate "2011.12.15"]

1. d4 d5 2. c4 e6 3. Nf3 Nf6 4. g3 Be7 5. Bg2 O-O 6. O-O b6 7. cxd5 exd5 8. Nc3
Bb7 9. Bf4 c5 10. Rc1 Na6 11. Qa4 Ne4 12. Rfd1 Qc8 13. Nxe4 dxe4 14. Ne5 Rd8
15. d5 Nb4 16. Bxe4 Nxd5 17. Qc2 g6 18. Bh6 Qe6 19. f4 c4 20. Qxc4 Bc5+ 21. Kh1
Ne3 22. Bxb7 Nxc4 23. Nxc4 0-1